Public finance

Gespeichert in:
Bibliographische Detailangaben
1. Verfasser: Rosen, Harvey S.
Weitere Verfasser: Gayer, Ted
Format: Buch
Sprache:Englisch
Veröffentlicht: New York McGraw-Hill/Irwin 2010
Ausgabe:9th ed.
Schriftenreihe:The McGraw-Hill series economics
Schlagworte:
Tags: Tag hinzufügen
Keine Tags, Fügen Sie das erste Tag hinzu!

MARC

LEADER 00000nam$a2200000$$$4500
001 0117364
005 20240314080059.1
020 |a 978-007-126788-5 
041 0 |a eng 
044 |a US 
245 1 0 |a Public finance  |c Harvey S. Rosen, Ted Gayer 
250 |a 9th ed. 
264 1 |a New York  |b McGraw-Hill/Irwin  |c 2010 
300 |a xxii, 595 s. 
490 1 |a The McGraw-Hill series economics 
830 0 |a The McGraw-Hill series economics 
610 2 0 |a financie verejné 
610 2 0 |a výdavky verejné 
610 2 0 |a statky verejné 
610 2 0 |a poistenie sociálne 
610 2 0 |a príjmy 
610 2 0 |a politika daňová 
610 2 0 |a reformy 
610 2 0 |a USA 
100 1 |a Rosen, Harvey S. 
700 1 |a Gayer, Ted